Normal view
MARC view
- Aerosols
Entry Topical Term
001 - CONTROL NUMBER
- control field: 7315
003 - CONTROL NUMBER IDENTIFIER
- control field: NUST
005 - DATE AND TIME OF LATEST TRANSACTION
- control field: 20171215095059.0
008 - FIXED-LENGTH DATA ELEMENTS
- fixed length control field: 171215|| aca||aabn | a|a d
040 ## - CATALOGING SOURCE
- Original cataloging agency: NUST
- Transcribing agency: NUST
150 ## - HEADING--TOPICAL TERM
- Topical term or geographic name entry element: Aerosols
- General subdivision: Environmental aspects.
670 ## - SOURCE DATA FOUND
- Source citation: Work cat.: (NUST)0: Aerosol science :
